| 000 | 00445nam a2200133Ia 4500 | ||
|---|---|---|---|
| 008 | 170516s9999 xx 000 0 und d | ||
| 245 | _aCO2 bubbling-based 'Nanobomb' System for Targetedly Suppressing Panc-1 Pancreatic Tumor via Low Intensity Ultrasound-activated Inertial Cavitation | ||
| 260 | _bTheranostics | ||
| 260 | _c2015 | ||
| 300 | _a5:11 | ||
| 650 | _xMedical Technology | ||
| 650 | _xMedtech | ||
| 856 | _uhttp://www.thno.org/v5i11 | ||
| 999 |
_c330104 _d330104 |
||